Thoreau's method : a handbook for nature study / ... Read More
Available copies
- 1 of 1 copy available at LARL/NWRL Consortium.
Current holds
0 current holds with 1 total copy.
Show Only Available Copies
| Location | Call Number / Copy Notes | Barcode | Shelving Location | Status | Due Date |
|---|---|---|---|---|---|
| Greenbush Public Library | 574.0723 PEP (Text) | 35500001432796 | Main | Available | - |
Record details
- ISBN: 0139198873
- ISBN: 0139198792 (pbk.)
- Physical Description: xiii, 199 p. : ill. ; 21 cm.
- Publisher: Englewood Cliffs, N.J. : Prentice-Hall, c1984.
Content descriptions
| General Note: | "A Spectrum book." |
| Bibliography, etc. Note: | Includes bibliographies and index. |
Search for related items by subject
| Subject: | Nature study |
Search for related items by series
| LDR | 00915cam a2200277 a 4500 | ||
|---|---|---|---|
| 001 | 6911 | ||
| 003 | LARL_NWRL_CONSORTIUM | ||
| 005 | 19850620105446.0 | ||
| 008 | 840612s1984 njua b 001 0 eng | ||
| 020 | . | ‡a0139198873 | |
| 020 | . | ‡a0139198792 (pbk.) | |
| 035 | . | ‡a(OCoLC)10913111 | |
| 035 | . | ‡a10913111 | |
| 082 | 0 | . | ‡a574.0723 |
| 092 | . | ‡a574.0723 ‡bPEP | |
| 100 | 1 | . | ‡aPepi, David. ‡0(LARL_NWRL_CONSORTIUM)79407 |
| 245 | 1 | 0. | ‡aThoreau's method : ‡ba handbook for nature study / ‡cDavid Pepi. |
| 260 | . | ‡aEnglewood Cliffs, N.J. : ‡bPrentice-Hall, ‡cc1984. | |
| 300 | . | ‡axiii, 199 p. : ‡bill. ; ‡c21 cm. | |
| 490 | 0 | . | ‡aPHalarope books |
| 500 | . | ‡a"A Spectrum book." | |
| 504 | . | ‡aIncludes bibliographies and index. | |
| 650 | 1. | ‡aNature study ‡0(LARL_NWRL_CONSORTIUM)26607 | |
| 901 | . | ‡a6911 ‡bOCLC ‡c6911 ‡tbiblio | |

Add to basket
Permalink
Disable Highlighting